书目信息 |
| 题名: |
胶体化学教程
|
|
| 作者: | Н·П·培斯可夫 Е·М·亚历山大罗娃-普列斯 著 ;陈惟同 译 | |
| 分册: | ||
| 出版信息: | 北京 高等教育出版社 1956 |
|
| 页数: | 220页 | |
| 开本: | 21cm | |
| 丛书名: | ||
| 单 册: | ||
| 中图分类: | O648 | |
| 科图分类: | ||
| 主题词: | 胶体化学 | |
| 电子资源: | ||
| ISBN: | ||
| 000 | 00903nam0 2200265 45 | |
| 001 | 0193001379 | |
| 005 | 20060816151605.79 | |
| 010 | @dCNY0.80 | |
| 091 | @a15010.250 | |
| 100 | @a19930104d1956 em y0chiy0121 ea | |
| 101 | 1 | @achi@crus |
| 102 | @aCN@b110000 | |
| 102 | @aCN@b110000 | |
| 102 | @aCN@b110000 | |
| 105 | @ay z 000yy | |
| 200 | 10 | @a胶体化学教程@Ajiao ti hua xue jiao cheng@f(苏)Н·П·培斯可夫 Е·М·亚历山大罗娃-普列斯著@F(su)Н·П·pei si ke fuЕ·М·ya li shan da luo wa-pu lie si zhu@g陈惟同译@Gchen wei tong yi |
| 205 | @a新1版 | |
| 210 | @a北京@c高等教育出版社@d1956 | |
| 215 | @a220页@d21cm | |
| 606 | @a胶体化学 | |
| 690 | @aO648@v4 | |
| 701 | 1 | @aН·П·培斯可夫 Е·М·亚历山大罗娃-普列斯@AН·П·pei si ke fuЕ·М·ya li shan da luo wa-pu lie si@4著 |
| 702 | 0 | @a陈惟同@Achen wei tong@4译 |
| 801 | 0 | @aCN@bTSSF@c20060816 |
| 905 | @a10447@dO648@e17:1=2 | |
| 胶体化学教程/(苏)Н·П·培斯可夫 Е·М·亚历山大罗娃-普列斯著/陈惟同译.-新1版.-北京:高等教育出版社,1956 |
| 220页;21cm |
| ISBN :CNY0.80 |
| ● |
| 相关链接 |
|
|
|
|
正题名:胶体化学教程
索取号:O648/17:1=2
 
预约/预借
| 序号 | 登录号 | 条形码 | 馆藏地/架位号 | 状态 | 备注 |
| 1 | 0461918 | 204619181 | 密集书库/ [索取号:O648/17:1=2] | 在馆 | |
| 2 | 0461923 | 204619234 | 密集书库/ [索取号:O648/17:1=2] | 在馆 |